00445nam a22001337a 4500003000500000005001700005008004100022020001800063050002200081245007400103260003900177300005400216500004100270SISC20161011104138.0161011b xxu||||| |||| 00| 0 eng d a9781682853047 aQA 76b.R295 2016 aRecent developments in mobile technology /cedited by Catherine Hall. aNew York :bWillford Press,c2016. a269 pages :billustrations (some color) ;c27 cm. aIncludes bibliographical references.